Analýza rozpočtu vybraného samosprávneho zväzku u nás a v krajine Európskej únie bakalárska práca

Enregistré dans:
Détails bibliographiques
Auteur principal: Struhár, Mário
Collectivité auteur: Národohospodárska fakulta EU. Katedra financií
Autres auteurs: Baláži, Peter
Format: Livre
Langue:slovaque
Publié: Bratislava 2018
Tags: Ajouter un tag
Pas de tags, Soyez le premier à ajouter un tag!

MARC

LEADER 00000nbm a2200000 4500
001 0247260
005 20181214130332.3
041 0 |a slo 
044 |a SK 
245 1 0 |a Analýza rozpočtu vybraného samosprávneho zväzku u nás a v krajine Európskej únie  |b bakalárska práca  |c Mário Struhár ; školiteľ: Peter Baláži 
264 1 |a Bratislava  |c 2018 
300 |a 51 s. 
100 1 |a Struhár, Mário 
700 1 |a Baláži, Peter 
710 2 |a Národohospodárska fakulta EU. Katedra financií